LEADER 01010nam0 22003013i 450 001 RML0351332 005 20231121125759.0 100 $a20130516d1954 ||||0itac50 ba 101 | $afre 102 $afr 181 1$6z01$ai $bxxxe 182 1$6z01$an 200 1 $aChair et cuir$fFelicien Marceau 210 $aParis$cGallimard$d1954$hstampa 1974 215 $a310 p.$d18 cm. 225 | $aFolio$v547 410 0$1001RAV0110397$12001 $aFolio$v547 676 $a843.912$9Narrativa francese. 1900-1945.$v22 700 1$aMarceau$b, Félicien$3RAVV018547$4070$0467781 790 1$aCarette$b, Louis$3LO1V404227$zMarceau, Félicien 801 3$aIT$bIT-01$c20130516 850 $aIT-FR0017 899 $aBiblioteca umanistica Giorgio Aprea$bFR0017 912 $aRML0351332 950 0$aBiblioteca umanistica Giorgio Aprea$d 52FOLIO 547$e 52FLS0000067125 VMB RS $fA $h20130516$i20130516 977 $a 52 996 $aChair et cuir$93633308 997 $aUNICAS